Poznáme ich dobre?

Podrobná bibliografia
Hlavný autor: Márová, Zdeňka (Autor)
Médium: Článok
Jazyk:slovenčina
Predmet:

MARC

LEADER 00000nab a2200000 a 4500
001 vtls000107523
003 SK-MaSNL
005 20260303024240.0
008 140417c1982 xo 0 slo
015 |a SNBRB19rr/mm-uuuuu 
035 |a CL0117626 
040 |a SNKBUCL  |b slo  |c SNKBUCL  |e AACR2 
041 0 |a slo 
044 |a xo  |c SK 
080 |a 37.01  |2 1981 
100 1 |a Márová, Zdeňka  |4 aut  |9 1007726 
245 1 0 |a Poznáme ich dobre?  |c Zdeňka Márová 
650 0 7 |a rodinná výchova  |2 snkbucl  |9 66934 
655 7 |a články z novín a časopisov  |2 snkbucl  |9 267496 
773 0 |t Rodina a škola  |g Č. 1 (1982), s. 21 
850 |a Slovenská národná knižnica v Martine  |a MTA001 
852 |a SNK  |b KIS3GCP 
958 |a RK 
992 |a RBX 
999 |c 1639280  |d 1641210